| 000 | 00000nam##2200000za#4500 |
| 001 | 9.632055 |
| 003 | CaOODSP |
| 005 | 20210624214622 |
| 007 | cr ||||||||||| |
| 008 | 150407|2005||||xxc|||||o f|0| 0 fre|d |
| 020 | |a0-662-74486-1 |
| 040 | |aCaOODSP|bfre |
| 043 | |an-cn--- |
| 086 | 1 |aHS28-26/2005F-PDF |
| 110 | 1 |aCanada.|bRessources humaines et Développement des compétences Canada. |bPolitique stratégique et planification. |
| 245 | 10|aÉvaluation sommative de Travail partagé et perfectionnement et Augmentation des présentations à des programmes de formation : |h[ressource électronique]|brapport final / |c[par] Évaluation de l'AE, Direction de la vérification et de l'évaluation. |
| 260 | |aGatineau - Québec : |bRessources humaines et Développement des compétences Canada. |cAvril 2005. |
| 300 | |a37p.|btableau |
| 590 | |a13-10-Supp|b2013-04-13 |
| 691 | 07|aFormation|2gcpds |
| 775 | 08|tSummative evaluation of work sharing while learning and increased referrals to training : |w(CaOODSP)9.687612 |
| 856 | 40|ahttp://publications.gc.ca|qPDF|s113 Ko|uhttps://publications.gc.ca/collections/collection_2013/rhdcc-hrsdc/HS28-26-2005-fra.pdf |
| 986 | |aSP-AH-665-04-05F |